Cello Cremona

Saved in:
Bibliografiske detaljer
Format: Bog
Sprog:engelsk
Tags: Tilføj Tag
Ingen Tags, Vær først til at tagge denne postø!

MARC

LEADER 00000nam a22000007a 4500
003 CL-ChUAC
005 20230228123624.0
008 230228b xxu||||| |||| 00| 0 eng d
040 |a CL-ChUAC  |c CL-ChUAC 
245 1 0 |a Cello Cremona 
942 |2 ddc  |c IM 
952 |0 0  |1 0  |2 ddc  |4 0  |6 CELLO_CREMONA  |7 0  |9 1173919  |a UNACH  |b UNACH  |c CM  |d 2023-02-28  |l 127  |o Cello Cremona  |p 109839  |r 2026-04-07 13:20:36  |s 2026-04-07  |t 1  |w 2023-02-28  |y IM 
999 |c 2368502  |d 2368502